|
|
|
|
| LEADER |
00000nam0a2200000 4500 |
| 001 |
334137 |
| 005 |
20231102004626.0 |
| 010 |
|
|
|a 5520002711
|
| 035 |
|
|
|a (RuTPU)RU\TPU\book\360157
|
| 035 |
|
|
|a RU\TPU\book\360138
|
| 090 |
|
|
|a 334137
|
| 100 |
|
|
|a 20170711d1980 k y0rusy50 ca
|
| 101 |
0 |
|
|a rus
|
| 102 |
|
|
|a GE
|
| 105 |
|
|
|a a z 001zy
|
| 200 |
1 |
|
|a Геохимия сульфидных месторождений Грузии (редкие элементы и изотопный состав серы)
|g Академия наук Грузинской ССР (АН ГрузССР)
|
| 210 |
|
|
|a Тбилиси
|c Мецниереба
|d 1980
|
| 215 |
|
|
|a 144 с.
|c ил.
|e Прилож. : карты
|
| 225 |
1 |
|
|a Труды Геологического института АН ГрузССР
|h Вып. 70
|
| 320 |
|
|
|a Библиогр.: с. 127-142
|
| 606 |
1 |
|
|a Сульфидные месторождения
|2 stltpush
|3 (RuTPU)RU\TPU\subj\58271
|9 76076
|
| 610 |
1 |
|
|a геология
|
| 610 |
1 |
|
|a геохимия
|
| 610 |
1 |
|
|a редкие элементы
|
| 610 |
1 |
|
|a изотопный состав
|
| 610 |
1 |
|
|a сера
|
| 610 |
1 |
|
|a Грузия
|
| 610 |
1 |
|
|a гидротермальные месторождения
|
| 610 |
1 |
|
|a Кавказ
|
| 610 |
1 |
|
|a анализ
|
| 610 |
1 |
|
|a типоморфизм
|
| 610 |
1 |
|
|a рудообразование
|
| 675 |
|
|
|a 553.4
|v 3
|
| 700 |
|
1 |
|a Иваницкий
|b Т. В.
|
| 701 |
|
1 |
|a Джанджгава
|b М. И.
|
| 712 |
0 |
2 |
|a Академия наук Грузинской ССР (АН ГрузССР)
|2 stltpush
|3 (RuTPU)RU\TPU\col\6041
|
| 801 |
|
1 |
|a RU
|b 63413507
|c 20070730
|g PSBO
|
| 801 |
|
2 |
|a RU
|b 63413507
|c 20180208
|g PSBO
|
| 942 |
|
|
|c BK
|